| 000 | 00957cam a22002175a 4500 | ||
|---|---|---|---|
| 001 | L152180 | ||
| 008 | 110208s2011 xxk f 001 0 eng d | ||
| 035 | _a(Sirsi) u152180 | ||
| 041 | 0 | _aeng | |
| 050 | 0 | 4 | _a692.3 $2 18 |
| 110 | 2 | _aNational House-Building Council | |
| 245 | 0 | 0 |
_aNHBC standards _beffective from 1 January 2011 |
| 260 |
_aMilton Keynes _bNHBC _c2010 |
||
| 300 |
_bill. 358p. _c30cm. |
||
| 505 | 2 | _aGeneral Information -- Materials -- Ancillary technologies -- Foundations -- Substructure and ground floors -- Superstructure (excluding roots) -- Roots -- Services and Internal finishing -- External works. | |
| 520 | _aDetails building standards; technical requirements that must be met by the builder; performance standards for design, materials and sitework;guidance on how the performance standards may be met. | ||
| 521 | _aExpert | ||
| 651 | 4 |
_aUnited Kingdom _y |
|
| 690 | _aBUILT ENVIRONMENT-BUILDING STANDARDS | ||
| 942 | _n0 | ||
| 999 |
_c111909 _d111909 |
||